Translating by factors /

Bibliographic Details
Main Author: Gutknecht, Christoph
Other Authors: Rölle, Lutz J., 1952-
Format: Book
Language:English
Published: Albany, N.Y. : State University of New York Press, [1996]
Series:SUNY series in linguistics.
Subjects:

MARC

Tag First Indicator Second Indicator Subfields
LEADER 00000cam a2200000 a 4500
001 in00001339321
005 20151005091939.0
008 950725s1996 nyu b 001 0 eng
010 |a  95032086  
020 |a 0791429571 
020 |a 079142958X (pbk.) 
035 |a (OCoLC)32924578 
035 |9 AHE3654AM 
040 |a DLC  |c DLC  |d TXA  |d UtOrBLW 
049 |a TXAM  
050 0 0 |a P306  |b .G87 1996 
082 0 0 |a 418/.02  |2 20 
100 1 |a Gutknecht, Christoph. 
245 1 0 |a Translating by factors /  |c Christoph Gutknecht and Lutz J. Rölle. 
264 1 |a Albany, N.Y. :  |b State University of New York Press,  |c [1996] 
264 4 |c ©1996 
300 |a xvi, 346 pages ;  |c 24 cm. 
336 |a text  |b txt  |2 rdacontent 
337 |a unmediated  |b n  |2 rdamedia 
338 |a volume  |b nc  |2 rdacarrier 
490 1 |a SUNY series in linguistics 
504 |a Includes bibliographical references (pages 315-332) and indexes. 
650 0 |a Translating and interpreting. 
650 0 |a English language  |x Translating into German. 
700 1 |a Rölle, Lutz J.,  |d 1952- 
830 0 |a SUNY series in linguistics. 
999 |a MARS 
999 f f |s 1ea7fc67-5377-323c-af80-3f06bb9f4334  |i 0ea3e7cd-f641-3f7b-9d46-ab9a694ddc06  |t 0 
952 f f |p ric  |a Texas A&M University  |b Rellis Campus  |c Joint Library Facility  |d Remote Storage  |t 0  |e P306 .G87 1996  |h Library of Congress classification  |i unmediated -- volume  |m A14820740520 
998 f f |a P306 .G87 1996  |t 0  |l Remote Storage